| 000 | 01143cab a22002535a 4500 | ||
|---|---|---|---|
| 001 | L143690 | ||
| 008 | 080527e20080515xxk f s 000 0 eng d | ||
| 035 | _a(Sirsi) u143690 | ||
| 041 | 0 | _aeng | |
| 110 | 2 | _aArchitects' Journal | |
| 245 | 0 | 0 |
_aAJ100 _bUK architecture's biggest practices |
| 260 | _c2008 | ||
| 490 |
_aArchitects' Journal _v15 May 2008, 25-104(47) |
||
| 520 | _aReveals the one hundred biggest architects' practices during 2007, ranked by the number of architects employed, and compares these against the 2006 and 2005 rankings. Provides top 10 charts ranked by profitability measures. Gives results of regional and opinion based surveys. Also profiles companies and directors featured within the rankings, including a feature on women working in these companies. Reports on Architects Journal awards. | ||
| 590 | _aKA | ||
| 651 | 4 |
_aUnited Kingdom _y |
|
| 690 | _aMANAGEMENT-BUSINESS MANAGEMENT-PROFESSIONAL PRACTICE | ||
| 690 | _aBUILT ENVIRONMENT-CONSTRUCTION DESIGN-ARCHITECTURAL DESIGN | ||
| 700 | 1 | _aSlavid, Ruth | |
| 700 | 1 | _aKolb, Jaffer | |
| 700 | 1 | _aLong, Kieran | |
| 700 | 1 | _aBose, Shumi | |
| 942 | _n0 | ||
| 999 |
_c80252 _d80252 |
||